UBT Library

The political economy of organizational change : (Record no. 39748)

000 -LEADER
fixed length control field 00672pam a2200229 a 4500
001 - CONTROL NUMBER
control field 1828536
005 - DATE AND TIME OF LATEST TRANSACTION
control field 20180104081604.0
008 - FIXED-LENGTH DATA ELEMENTS--GENERAL INFORMATION
fixed length control field 810504s1981 nyu b 001 0 eng
010 ## - LIBRARY OF CONGRESS CONTROL NUMBER
LC control number 80070599
020 ## - INTERNATIONAL STANDARD BOOK NUMBER
International Standard Book Number 0123796601
040 ## - CATALOGING SOURCE
Original cataloging agency DLC
Transcribing agency DLC
Modifying agency DLC
041 ## - LANGUAGE CODE
Language code of text/sound track or separate title eng
043 ## - GEOGRAPHIC AREA CODE
Geographic area code n-us---
080 ## - UNIVERSAL DECIMAL CLASSIFICATION NUMBER
Universal Decimal Classification number 362.550973 BRU
082 00 - DEWEY DECIMAL CLASSIFICATION NUMBER
Classification number 362.550973 BRU
Edition number 19
100 1# - Rafti
Rafti 19
101 ## - Shkurtesa
Shkurtesa POL
245 14 - TITLE STATEMENT
Title The political economy of organizational change :
Statement of responsibility, etc Bruce Jacobs.
504 ## - BIBLIOGRAPHY, ETC. NOTE
Bibliography, etc Includes bibliographical references and index.
906 ## - LOCAL DATA ELEMENT F, LDF (RLIN)
a 7
b cbc
c orignew
d 1
e opcn
f 19
g y-gencatlg
942 ## - ADDED ENTRY ELEMENTS (KOHA)
Source of classification or shelving scheme
Item type Books
Holdings
Withdrawn status Lost status Source of classification or shelving scheme Damaged status Not for loan Permanent location Current location Date acquired Total Checkouts Full call number Barcode Date last seen Price effective from Koha item type
          UBT - Lipjan UBT - Lipjan 01/04/2018   362.550973 BRU 002-2994734 01/04/2018 01/04/2018 Books
UBT Library © 2015-2024. All rights reserved University Education for Business and Technology